La situación actual de la historiografía de la arquitectura mexicana / (Record no. 136614)

MARC details
000 -LEADER
fixed length control field 01015cam a2200229 4500
008 - FIXED-LENGTH DATA ELEMENTS--GENERAL INFORMATION
fixed length control field 090521s20082008mx 000 0 spa u
020 ## - INTERNATIONAL STANDARD BOOK NUMBER
International Standard Book Number 9789689322375
050 04 - LIBRARY OF CONGRESS CALL NUMBER
Classification number NA756.M6 T88 2008
111 2# - MAIN ENTRY--MEETING NAME
Meeting name or jurisdiction name as entry element Foro de Historia y Crítica de la Arquitectura Mexicana :
Date of meeting Morelia 5 y 6 de noviembre de 2007
Location of meeting Morelia, Michoacán, México.
245 10 - TITLE STATEMENT
Title La situación actual de la historiografía de la arquitectura mexicana /
Statement of responsibility, etc Catherine R. Ettinger Mc Enulty (Editora)
250 ## - EDITION STATEMENT
Edition statement 1a. ed.
260 ## - PUBLICATION, DISTRIBUTION, ETC. (IMPRINT)
Place of publication, distribution, etc Morelia, Mich., México :
Name of publisher, distributor, etc Universidad Michocana de San Nicolás de Hidalgo,
Date of publication, distribution, etc 2007
300 ## - PHYSICAL DESCRIPTION
Extent 285 p. :
Other physical details il. ;
Dimensions 23 cm.
504 ## - BIBLIOGRAPHY, ETC. NOTE
Bibliography, etc Incluye : Bibliografía e índice
650 #7 - SUBJECT ADDED ENTRY--TOPICAL TERM
Topical term or geographic name as entry element Arquitectura
General subdivision Historia y crítica
Geographic subdivision Michoacán
651 ## - SUBJECT ADDED ENTRY--GEOGRAPHIC NAME
Geographic name Morelia, Michoacán, México
General subdivision Arquitectura
700 1# - ADDED ENTRY--PERSONAL NAME
Personal name Ettinger Mc Enulty, Catherine R. ed.
710 2# - ADDED ENTRY--CORPORATE NAME
Corporate name or jurisdiction name as entry element Universidad Nacional Autónoma de México.
710 2# - ADDED ENTRY--CORPORATE NAME
Corporate name or jurisdiction name as entry element Universidad Michocana de San Nicolás de Hidalgo
942 ## - ADDED ENTRY ELEMENTS (KOHA)
Source of classification or shelving scheme Biblioteca del Cogreso de los Estados Unidos
Koha item type Libro
Holdings
Estado de pérdida Fuente de clasificación Estado del daño No para préstamo Ubicación permanente Ubicación actual Apartado o colección Fecha de adquisición Edición Enumeración de Serie / Cronológica Área del conocimiento Clasificación Código de Barras Date last seen Número de copia Tipo de recurso
  Biblioteca del Cogreso de los Estados Unidos     Biblioteca de la Unidad de Ciencias Ingeniería y Humanidades Biblioteca de la Unidad de Ciencias Ingeniería y Humanidades General 11/09/2017 1a. ed. BCU000019679 Ingeniería y Tecnología NA756.M6 T88 2008 BCU000019679 11/09/2017 1 Libro